| 000 | 00651nam a2200277Ia 4500 | ||
|---|---|---|---|
| 005 | 20260401122321.0 | ||
| 008 | 008 250103s9999 xx 000 0 eng d | ||
| 020 | _a9781405169813 | ||
| 037 | _aTB | ||
| 040 | _aEDL | ||
| 040 | _beng | ||
| 040 | _cEDL | ||
| 041 | _2eng | ||
| 041 | _aeng | ||
| 084 | _a305.8001 MCL | ||
| 084 | _qEDL | ||
| 245 | 0 | _aShadow Side of Fieldwork: Exploring the Blurred Borders Between Ethnology and Life | |
| 260 | _aU.S.A | ||
| 260 | _bBlackwell Publishing | ||
| 260 | _c2007 | ||
| 300 | _a302p | ||
| 942 | _cTB | ||
| 942 | _h305.8001 MCL | ||
| 999 |
_c1846467 _d1846467 |
||